00497nam a22001937a 450000500170000001000440001702000260006103500130008703500170010003500130011703700250013003700130015508200060016810000220017424500480019626000260024427000120027030000210028220180224142051.0 aBAC-EN21 ENG-111483 B-663927 a9781408704004c699.00 aEN-95015 aB-583927-935 aB-663927 adplbPansy Books/Ven aDBAD/PUB aN aGalbraith, Robert aThe Cuckoo's Calling /cby Galbraith Robert aBritainbSpherec2013 aBritain a449p.c22cm(pbk)